000 00668nam a2200253Ia 4500
003 OSt
005 20221007104344.0
006 a|||||r|||| 00| 0
007 ta
008 221006b |||||||| |||| 00| 0 eng d
020 _a818038053X
024 _a15,610
037 _cTextual
040 _aLCO
_cLCO
_beng
041 _2eng
_aeng
082 _aZ2,8,53, P4
100 _aRamachandran R.
245 0 _aProfessional Ethics
_b Changing Profession, Changing Ethics
260 _aNew
_bDelhi Lexis Nexis India
_c2004
300 _a160
650 _aETHICS
942 _hZ2,8,53, P4
_cTEXL
999 _c1185173
_d1185173